Очерки по истории химии и технологии силикатов в России

Detaylı Bibliyografya
Yazar: Безбородов М. А.
Müşterek Yazar: Академия наук Белорусской ССР Институт химии
Dil:Rusça
Baskı/Yayın Bilgisi: Минск, Изд-во АН БССР, 1950
Konular:
Materyal Türü: MixedMaterials Kitap
KOHA link:https://koha.lib.tpu.ru/cgi-bin/koha/opac-detail.pl?biblionumber=152444

MARC

LEADER 00000nam0a2200000 4500
001 152444
005 20231101221623.0
035 |a (RuTPU)RU\TPU\book\165276 
090 |a 152444 
100 |a 20090130d1950 m y0rusy50 ca 
101 0 |a rus 
102 |a BY 
105 |a a z 001zy 
200 1 |a Очерки по истории химии и технологии силикатов в России  |f М. А. Безбородов  |g Академия наук Белорусской ССР, Институт химии 
210 |a Минск  |c Изд-во АН БССР  |d 1950 
215 |a 199 с.  |c ил. 
320 |a Библиогр.: с. 198. 
606 1 |a Силикаты  |x Физическая химия  |2 stltpush  |3 (RuTPU)RU\TPU\subj\54774 
606 1 |a Силикаты  |x Химическая технология  |2 stltpush  |3 (RuTPU)RU\TPU\subj\34482  |9 56417 
610 1 |a история 
610 1 |a Россия 
675 |a 546.284  |v 3 
675 |a 666  |v 3 
700 1 |a Безбородов  |b М. А. 
712 0 2 |a Академия наук Белорусской ССР  |b Институт химии 
801 1 |a RU  |b 63413507  |c 20090130  |g PSBO 
801 2 |a RU  |b 63413507  |c 20160202  |g PSBO 
942 |c BK